Responses for Show #5946 - Monday, June 21, 2010

Paul Kursky game 4.

Contestants

[<< previous game]

Terrill Wilkins, a high school history teacher from Spartanburg, South Carolina

Eric Rau, an assistant federal public defender from Tucson, Arizona

Paul Kursky, a copywriter from San Francisco, California (whose 3-day cash winnings total $51,801)

[next game >>]

Jeopardy! Round responses

FOLK MUSIC OF THE WORLD
BALD IS BEAUTIFUL
WEISS GUYS
SAY "AH"
ANNUAL EVENTS
DRIVING SAFETY
(Alex: From Michigan, [*] with Ford's new driving simulator--the VIRTTEX.)
    $200 21
bamboo

Terrill
    $200 16
(Paul: What is a hat?)
(Alex: Be more specific.)

a cowboy hat

Paul
    $200 26
Houdini

Terrill
    $200 11
bah

Eric
    $200 1
Plymouth

Paul
    $200 6
virtual

Terrill
    $400 27
Greece

Terrill
    $400 17
Britney Spears

Eric
    $400 25
nerves

Eric
    $400 12
a hookah

Eric
    $400 2
New Year's

Eric
    $400 7
touch

Terrill
    $600 28
a yodel

Paul
    $600 18
(Michael) Chiklis

Paul
    $600 24
(Paul: What is the RAF?)
...
(Alex: [*], yes; the Focke-Wulf and the Messerschmitts--German. Less than a minute now.)

the Luftwaffe

PaulTerrill
    $600 13
ahoy

Paul
    $600 3
lemon

Eric
    $600 8
radar

Paul
    $800 29
plowing

Eric
    $800 19
Yul Brynner

Terrill
    $800 23
"What A Wonderful World"

Terrill
    $800 14
the dahlia

Triple Stumper
    $800 4
Valentines

Eric
    $800 9
yaw

Paul
    $1000 30
the drug trade

Paul
    $1000 20
(Chris) Daughtry

Eric
    $1000 22
Marat/Sade

Triple Stumper
    $1000 15
a mitzvah

Paul
    $1000 5
Tasmania

Terrill
    $1,600 10
Doppler

Paul

Scores at the first commercial break (after clue 15):

Paul Eric Terrill
$4,800 $2,400 $1,600

Scores at the end of the Jeopardy! Round:

Paul Eric Terrill
$6,600 $5,000 $4,600

Double Jeopardy! Round responses

LATIN AUTHORS
SPORTS RULES
MONARCHS FORMERLY KNOWN AS PRINCE
THE PRODUCE DEPARTMENT
OTHER GRAND CANYONS
ANAGRAMS OF COLORS
    $400 5
an allegory

Terrill
    $400 21
the backboard

Paul
    $400 9
Juan Carlos

Terrill
    $400 11
apples

Eric
    $400 18
New York

Paul
    $400 25
lube (an anagram of blue)

Paul
    $800 4
Cuba

Paul
    $800 22
a face mask

Terrill
    $800 8
Kamehameha

Eric
    $800 12
mushrooms

Paul
    $800 17
Pennsylvania

Eric
    $800 30
ant (an anagram of tan)

Eric
    $1200 3
Isabel Allende

Terrill
    $1200 23
[Alex specifies "USTA" as "United States Tennis Association" when reading the clue.]

serving

Paul
    $1200 7
Nicholas II

Terrill
    $1200 13
tomatoes

Eric
    $1200 16
Yosemite

Paul
    $1200 29
genre (an anagram of green)

Paul
    $1600 2
husbands

Eric
    $1600 24
lacrosse

Eric
    $1,800 6
(Terrill: Who is George III?)
(Alex: No, who was [*]? Remember the French Revolution.)

Louis XVI

Terrill
    $1600 14
potatoes

Paul
    $1600 20
(Alex: And it is the beautiful island of [*].)

Kauai

Triple Stumper
    $1600 28
chore (an anagram of ocher)

Terrill
    $2000 1
Ovid

Triple Stumper
    $2000 26
ground rules

Paul
    $2000 10
King John

Terrill
    $2000 15
pears

Paul
    $2000 19
the Snake

Terrill
    $2,500 27
(Paul: What is maven?)

magnate (an anagram of magenta)

Paul

Scores at the end of the Double Jeopardy! Round:

Paul Eric Terrill
$16,100 $12,200 $12,400

[wagering suggestions for these scores]

Final Jeopardy! Round responses

AFTER THE PRESIDENCY
(Alex: [Revealing Eric's response] Who is [*]?--who returned to the House of Representatives, yes indeed.)
...
(Alex: The other, of course, [*], who went into the Senate after his term as President.)
EricWho is John Quincy Adams?
$11,800
TerrillWho is J.Q. Adams?
$12,400
PaulWho is J.Q. Adams
$8,710
(1 of) John Quincy Adams or Andrew Johnson

Final scores:

Paul Eric Terrill
$24,810 $24,000 $24,800
4-day champion: $76,611 3rd place: $1,000 2nd place: $2,000

Game dynamics:

Coryat scores:

Paul Eric Terrill
$18,000 $12,200 $14,200
21 R
(including 1 DD),
2 W
(including 1 DD)
16 R,
0 W
17 R,
1 W
(including 1 DD)

Combined Coryat: $44,400

[game clues] [game scores] [suggest correction]

Game tape date: 2010-03-02
The J! Archive is created by fans, for fans. Scraping, republication, monetization, and malicious use prohibited; this site may use cookies and collect identifying information. See terms. The Jeopardy! game show and all elements thereof, including but not limited to copyright and trademark thereto, are the property of Jeopardy Productions, Inc. and are protected under law. This website is not affiliated with, sponsored by, or operated by Jeopardy Productions, Inc. Join the discussion at JBoard.tv.